书目信息 |
| 题名: |
工业热安全工程
|
|
| 作者: | 杨立中 编著 | |
| 分册: | ||
| 出版信息: | 合肥 中国科学技术大学出版社 2001.04 |
|
| 页数: | 191页 | |
| 开本: | 26cm | |
| 丛书名: | ||
| 单 册: | ||
| 中图分类: | X932 | |
| 科图分类: | ||
| 主题词: | 工业生产--gong ye sheng chan--防火--安全工程 , 工业生产--gong ye sheng chan--防爆--安全工程 | |
| 电子资源: | ||
| ISBN: | 7-312-01235-3 | |
| 000 | 00848nam0 2200241 450 | |
| 001 | 012006121578 | |
| 005 | 20070611161324.85 | |
| 010 | @a7-312-01235-3@dCNY16.00 | |
| 100 | @a20061213d2001 km y0chiy0120 ea | |
| 101 | 0 | @achi |
| 102 | @aCN@b340000 | |
| 105 | @aak a 000yy | |
| 200 | 1 | @a工业热安全工程@Agong ye re an quan gong cheng@f杨立中编著@Fyang li zhong bian zhu |
| 210 | @a合肥@c中国科学技术大学出版社@d2001.04 | |
| 215 | @a191页@c图@d26cm | |
| 320 | @a有书目 (第191页) | |
| 330 | @a本书介绍了工业热灾害基础理论、工业火灾、工业场所典型爆炸过程分析、毒物泄露、工业热灾害事故的安全性评价等内容。 | |
| 606 | 0 | @a工业生产@Agong ye sheng chan@x防火@x安全工程 |
| 606 | 0 | @a工业生产@Agong ye sheng chan@x防爆@x安全工程 |
| 690 | @aX932@v4 | |
| 701 | 0 | @a杨立中@Ayang li zhong@4编著 |
| 801 | 0 | @aCN@c20070611 |
| 905 | @a10447@dX932@eY229 | |
| 工业热安全工程/杨立中编著.-合肥:中国科学技术大学出版社,2001.04 |
| 191页:图;26cm |
| ISBN 7-312-01235-3:CNY16.00 |
| 本书介绍了工业热灾害基础理论、工业火灾、工业场所典型爆炸过程分析、毒物泄露、工业热灾害事故的安全性评价等内容。 |
| ● |
| 相关链接 |
|
|
|
正题名:工业热安全工程
索取号:X932/Y229
 
预约/预借
| 序号 | 登录号 | 条形码 | 馆藏地/架位号 | 状态 | 备注 |
| 1 | 230534 | 202305344 | 自科二线400A/400A自科库 26排3列5层/ [索取号:X932/Y229] | 在馆 | |
| 2 | 230535 | 202305353 | 自科库501/501自科库 122排2列2层/ [索取号:X932/Y229] | 在馆 | |
| 3 | 230536 | 202305362 | 自科库501/501自科库 122排2列2层/ [索取号:X932/Y229] | 在馆 |